Datum a čas kvízu
30
Celkem bodů
Celkový počet nahraných bodů na tomto kvízu bez doplňovacích otázek.
6.
Pořadí na kvízu
Konečné umístění týmu na tomto kvízu.
Zaznamenané odpovědi
| # | Otázka | Odpověď | Body | Výsledky |
|---|---|---|---|---|
| 1. | V sobotu byla pro návštěvníky... | Bohumil Hrabal, Kersko | 1 | |
| 2. | Američan Lorenzo Prendini, kap... | A | 0 | |
| 3. | Minulý týden začal režisér Tom... | Tři princezny | 1 | |
| 4. | Podnikatel Jan Čermák minulý t... | TV Barrandov | 1 | |
| 5. | Dvacetiletý atlet Tomáš Habart... | D) na 3 000 m překážek | 0 | |
| 6. | Jména Mnata, Vojen či Vnislav... | A | 1 | |
| 7. | K Janu Žižkovi se váže jistá p... | C | 0 | |
| 8. | Přiřaďte k sobě dvojice hrdinů... | 1A 2D 3B 4C | 0 | |
| 9. | O hřbitovním kostele sv. Maří... | Svatební košile | 1 | |
| 10. | Pokud dokážete určit, co tento... | Stadice | 0 |